• 首页
  • 本馆介绍
  • 公告通知
  • 最新文献
  • 馆藏检索
  • 电子资源
  • 读者导购
  • 参考咨询
  • 我的图书馆
  • 登录
  • 详细信息显示
  • 放入我的书架
  • 预约/预借图书
  • 作者相关作品
  • 分类相关作品
  • 丛书相关作品
  • 出版社相关作品

书目信息

  • 表格格式
  • 工作单格式
  • 卡片格式
题名:
聚合函数及其应用
    
 
作者: 覃锋 著
分册:  
出版信息: 北京   科学出版社  2019
页数: 257页
开本: 24cm
丛书名: 模糊数学与系统及其应用丛书
单 册:
中图分类: O159
科图分类:
主题词: 模糊数学--mo hu shu xue
电子资源:
ISBN: 978-7-03-060521-4
000 01334nam 2200301 450
001 012001002850
005 20140125151758.0
010    @a978-7-03-060521-4@dCNY108.00
099    @aCAL 012019030575
100    @a20190321d2019 em y0chiy50 ea
101 0  @achi
102    @aCN@b110000
105    @ay a 001yy
106    @ar
200 1  @a聚合函数及其应用@Aju he han shu ji qi ying yong@f覃锋著
210    @a北京@c科学出版社@d2019
215    @a257页@d24cm
225 2  @a模糊数学与系统及其应用丛书@Amo hu shu xue yu xi tong ji qi ying yong cong shu@v2
312    @a英文并列题名取自封面
320    @a有书目 (第239-255页) 和索引
330    @a本书简介:聚合函数不同于传统的信息聚合模型,是用函数观点来描述信息聚合的数学工具,在模糊数学理论、模糊控制、模糊逻辑、决策理论和智能计算中有广泛的应用。 虽然关于它的研究可以追溯到阿贝尔的早期工作,但是它的真正兴起是近 20年的事情,目前正处在蓬勃发展阶段。本书将以一致模算子为主线,介绍近年来的进展及作者在这方面的工作。 主要包括:一致模算子的定义与结构;基于一致模的模糊蕴涵;基于一致模算子的函数方程。
410  0 @12001 @a模糊数学与系统及其应用丛书@v2
510 1  @aAffregation function and its application@zeng
606 0  @a模糊数学@Amo hu shu xue
690    @aO159@v5
701  0 @a覃锋@Aqin feng@4著
801  0 @aCN@b北京卓展@c20191020
905    @b1204505-7@dO159@e113@f3
    
    聚合函数及其应用/覃锋著.-北京:科学出版社,2019
    257页;24cm.-(模糊数学与系统及其应用丛书;2)
    
    
    ISBN 978-7-03-060521-4:CNY108.00
    本书简介:聚合函数不同于传统的信息聚合模型,是用函数观点来描述信息聚合的数学工具,在模糊数学理论、模糊控制、模糊逻辑、决策理论和智能计算中有广泛的应用。 虽然关于它的研究可以追溯到阿贝尔的早期工作,但是它的真正兴起是近 20年的事情,目前正处在蓬勃发展阶段。本书将以一致模算子为主线,介绍近年来的进展及作者在这方面的工作。 主要包括:一致模算子的定义与结构;基于一致模的模糊蕴涵;基于一致模算子的函数方程。
●
相关链接 在E读中查询图书 在五车中查询图书 在当当中查询图书 在豆瓣中查询图书


正题名:聚合函数及其应用     索取号:O159/113         预约/预借

序号 登录号 条形码 馆藏地/架位号 状态 备注
1 1204505   212045053   第二样本阅览室/ [索取号:O159/113] 在馆    
2 1204506   212045062   第三借阅区/ [索取号:O159/113] 在馆    
3 1204507   212045071   第三借阅区/ [索取号:O159/113] 在馆    
唐山师范学院图书馆 欢迎您!
大连网信软件有限公司© 版权所有